DISEÑO Y PLANIFICACIÓN DE SALÓN COMUNAL DE DOS NIVELES PARA SAN JOSÉ LA COLONIA Y CARRETERA DE LA LAGUNA CHIQUITA A PANTUYATE 1./ (Registro nro. 2122)
[ vista simple ]
| 000 -LEADER | |
|---|---|
| campo de control de longitud fija | 03037nam a22003377a 4500 |
| 001 - NÚMERO DE CONTROL | |
| campo de control | TIC 0007 |
| 003 - IDENTIFICADOR DE NÚMERO DE CONTROL | |
| campo de control | gtcocun |
| 005 - FECHA Y HORA DE LA ÚLTIMA TRANSACCIÓN | |
| campo de control | 20250924173624.0 |
| 006 - CÓDIGOS DE INFORMACIÓN DE LONGITUD FIJA--CARACTERÍSTICAS DEL MATERIAL ADICIONAL | |
| campo de control de longitud fija | a||||gr|||| 00| 0 |
| 007 - CAMPO FIJO DE DESCRIPCIÓN FÍSICA--INFORMACIÓN GENERAL | |
| campo de control de longitud fija | ta |
| 008 - DATOS DE LONGITUD FIJA--INFORMACIÓN GENERAL | |
| campo de control de longitud fija | 250924b2020 gt ||||| m||| 00| 0 eng d |
| 040 ## - FUENTE DE CATALOGACIÓN | |
| Centro catalogador/agencia de origen | gtcocun |
| Lengua de catalogación | SPA |
| Centro/agencia transcriptor | gtcocun |
| Normas de descripción | RDA |
| 041 ## - CÓDIGO DE IDIOMA | |
| Código de lengua del texto/banda sonora o título independiente | SPA TIC 0007 |
| 084 ## - OTRO NÚMERO DE CLASIFICACIÓN | |
| Número de control del registro de autoridad o número normalizado | TIC 0007 |
| 100 ## - ENTRADA PRINCIPAL--NOMBRE DE PERSONA | |
| Nombre de persona | López Winter, Jorge Mario |
| Término indicativo de función/relación | Autor |
| 245 ## - MENCIÓN DEL TÍTULO | |
| Título | DISEÑO Y PLANIFICACIÓN DE SALÓN COMUNAL DE DOS NIVELES PARA SAN JOSÉ LA COLONIA Y CARRETERA DE LA LAGUNA CHIQUITA A PANTUYATE 1./ |
| Mención de responsabilidad, etc. | Jorge Mario López Winter. |
| Medio | Impreso |
| 264 ## - PRODUCCIÓN, PUBLICACIÓN, DISTRIBUCIÓN, FABRICACIÓN Y COPYRIGHT | |
| Producción, publicación, distribución, fabricación y copyright | Cobán, Alta Verapaz: |
| Nombre del de productor, editor, distribuidor, fabricante | Universidad de San Carlos de Guatemala, Centro Universitario del Norte, Ingeniería Civil |
| Fecha de producción, publicación, distribución, fabricación o copyright | 2020 |
| 300 ## - DESCRIPCIÓN FÍSICA | |
| Extensión | 209 p.: |
| Otras características físicas | Ilustraciones, gráficas. |
| Dimensiones | 28 cm; |
| 300 ## - DESCRIPCIÓN FÍSICA | |
| Dimensiones | |
| 336 ## - TIPO DE CONTENIDO | |
| Fuente | rdacontenido |
| Término de tipo de contenido | Texto |
| Código de tipo de contenido | txt |
| 337 ## - TIPO DE MEDIO | |
| Fuente | rdamedio |
| Nombre/término del tipo de medio | Computadora |
| Código del tipo de medio | n |
| 338 ## - TIPO DE SOPORTE | |
| Fuente | rdasoporte |
| Nombre/término del tipo de soporte | Código en línea |
| Código del tipo de soporte | cr |
| 502 ## - NOTA DE TESIS | |
| identificador de la tesis | TIC 0007 |
| 502 ## - NOTA DE TESIS | |
| Nota de tesis | Tesis de grado |
| Tipo de título | Ingeniería Civil, |
| Nombre de la institución que otorga el título | Universidad de San Carlos de Guatemala, Centro Universitario del Norte, Ingeniería Civil |
| Año de obtención del título | 2020 |
| Identificador de la tesis | TIC 0007 |
| 520 14 - RESUMEN, ETC. | |
| Sumario, etc. | Durante la realización del Ejercicio Profesional Supervisado en la Municipalidad de Cobán durante la fase de diagnóstico se determinaron los proyectos de acuerdo a la priorización y<br/>necesidades demandadas por la población ante las autoridades municipales, esto permitió tener una perspectiva del aporte que se puede realizar mediante el diseño de obras civiles que contribuyan al desarrollo del municipio.<br/><br/>En el plan de trabajo se definió el diseño de un edificio destinado para funcionar como salón comunal en la comunidad de San José La Colonia, el cual fue diseñado con marcos dúctiles de concreto armado resistentes a momentos, con paredes de mampostería y pisos de concreto, así mismo se contempló el diseño de una carretera de terracería de dos carriles<br/>para comunicar las comunidades de Pantuyate 1 y Laguna Chiquita.<br/><br/>En la fase de ejecución se realizó el diseño del salón comunal de acuerdo con las normas de diseño de AGIES NSE 2018, ACI 318 -14 y NRD2, mientras que para el diseño de la carretera se consideraron las Especificaciones Generales para Construcción de Carreteras<br/>y Puentes de la Dirección General de Caminos y la norma AASHTO sobre diseño de carreteras.<br/><br/>Toda la información necesaria para la ejecución de cada una de las obras diseñadas: estudios de suelos, memoria de cálculo, planos, presupuesto, cronogramas físico y financiero, evaluación ambiental inicial y especificaciones técnicas se presentó en un informe final a las autoridades municipales y universitarias. |
| 650 14 - PUNTO DE ACCESO ADICIONAL DE MATERIA--TÉRMINO DE MATERIA | |
| Fuente del encabezamiento o término | LEMB |
| Término de materia o nombre geográfico como elemento de entrada | Cobán, Alta Verapaz. |
| Subdivisión general | Ingeniería |
| -- | Edificio |
| -- | Carretera |
| -- | Diseño |
| -- | Normas |
| -- | Terraceria |
| 700 ## - ENTRADA AGREGADA--NOMBRE PERSONAL | |
| Nombre de persona | Ing. Civil Marlon Alexander Morán Castro |
| Término indicativo de función/relación | Asesor |
| 856 ## - LOCALIZACIÓN Y ACCESO ELECTRÓNICOS | |
| Identificador Uniforme de Recurso | <a href="https://drive.google.com/file/d/1TqQ_OODYUOB7jpTltafwBlXEgOoTjR4S/view">https://drive.google.com/file/d/1TqQ_OODYUOB7jpTltafwBlXEgOoTjR4S/view</a> |
| Texto de enlace | |
| Nota pública | Un ejemplar en línea. |
| 942 ## - ELEMENTOS DE ENTRADA SECUNDARIOS (KOHA) | |
| Fuente de la clasificación o esquema de estantería | Clasificación Decimal Dewey |
| Tipo de ítem Koha | TESIS |
| Parte de la signatura que identifica el ejemplar (Parte del ítem) | TIC 0007 |
| Prefijo de la signatura | Clasificación |
| Suprimir en OPAC | No |
| -- | TIC_0007_000000000000000 |
| Estatus retirado | Estado de pérdida | Fuente de la clasificación o esquema de estantería | Estado de daño | No para préstamo | Colección | Biblioteca de origen | Biblioteca actual | Ubicación en estantería | Fecha de adquisición | Número de inventario | Total de préstamos | Signatura topográfica completa | Código de barras | Visto por última vez | Precio de reemplazo | Tipo de ítem Koha |
|---|---|---|---|---|---|---|---|---|---|---|---|---|---|---|---|---|
| Clasificación Decimal Dewey | tesis | BIBLIOTECA- CUNOR -JOSÉ LUIS GONZALES ROSALES | BIBLIOTECA- CUNOR -JOSÉ LUIS GONZALES ROSALES | Colección tesis | 16/09/2025 | TIC 0007 | TIC 0007 | TIC 0007 | 16/09/2025 | 16/09/2025 | TESIS |